Statistics for One Sunderland Player by Nation

Click here to take the quiz!

General Stats

  • This quiz has been taken 167 times
  • The average score is 10 of 18

Answer Stats

NationPlayer% Correct
IrelandJohn O'Shea | Niall Quinn | Kevin Kilbane | +22 others
88%
Trinidad and TobagoKenwyne Jones | Carlos Edwards | Dwight Yorke | +2 others
77%
United StatesJozy Altidore | Claudio Reyna | DeAndre Yedlin | +1 other
75%
SwedenSeb Larsson | Stefan Schwarz | Joachim Björklund | +4 others
73%
FranceSteed Malbranque | Yann M'Vila | Djibril Cissé | +15 others
72%
South KoreaKi Sung-yueng | Ji Dong-won
70%
ScotlandPhil Bardsley | Steven Fletcher | Craig Gordon | +13 others
70%
ItalyFabio Borini | Vito Mannone | Emanuele Giaccherini | +1 other
67%
ArgentinaJulio Arca | Santiago Vergini | Ricky Álvarez | +2 others
55%
BelgiumSimon Mignolet | Adnan Januzaj | Jason Denayer
52%
Northern IrelandGeorge McCartney | Jonny Evans | David Healy | +1 other
44%
SpainJordi Gómez | Carlos Cuéllar | Javier Manquillo | +1 other
44%
NetherlandsPatrick van Aanholt | Boudewijn Zenden | Jeremain Lens
44%
DenmarkThomas Sørensen | Nicklas Bendtner | Carsten Fredgaard
42%
WalesDanny Collins | David Vaughan | Gareth Hall | +6 others
35%
SenegalPapy Djilobodji | Alfred N'Diaye | El Hadji Diouf | +2 others
34%
GhanaAsamoah Gyan | John Mensah | Sulley Muntari
31%
NigeriaDickson Etuhu | Victor Anichebe
12%

Score Distribution

Percentile by Number Answered

Percent of People with Each Score

Your Score History

You have not taken this quiz